[Event "Wch FIDE Online U14 Asia qual"]
[Site "Tornelo INT"]
[Date "2020.12.12"]
[Round "4"]
[White "Yahya, Shuaib Al Kaff"]
[Black "Orozbaev, Eldiar"]
[Result "0-1"]
[WhiteElo "1388"]
[BlackElo "1973"]
[PlyCount "76"]
[EventDate "2020.12.11"]
[EventType "swiss (rapid)"]
[EventRounds "7"]
[EventCountry "ISS"]
[SourceTitle "EXT 2022"]
[Source "ChessBase"]
[SourceDate "2021.10.06"]
[SourceVersion "1"]
[SourceVersionDate "2021.10.06"]
[SourceQuality "1"]

1. d4 Nf6 2. Bf4 c5 3. e3 Nd5 4. Bg3 Qb6 5. Nc3 Nxc3 6. bxc3 e6 7. Nf3 Nc6 8. Bd3 d5 9. 0-0 c4 10. Be2 Qa5 11. Qd2 Ba3 12. Ne5 Nxe5 13. Bxe5 f6 14. Bg3 Bb2 15. Rab1 Bxc3 16. Qd1 b5 17. Bf3 Bb7 18. Qe2 f5 19. Be5 0-0 20. Kh1 Bc6 21. g4 f4 22. Bxf4 Qxa2 23. Be5 b4 24. g5 Ba4 25. Bg4 Rae8 26. f4 Bxc2 27. Rbc1 Be4+ 28. Kg1 Qxe2 29. Bxe2 Bd2 30. Ra1 Bxe3+ 31. Rf2 b3 32. Rxa7 Rf7 33. Ra6 Rb7 34. Bg4 b2 35. Bxe6+ Rxe6 36. Ra8+ Kf7 37. g6+ Rxg6+ 38. Kf1 Bd3+ 0-1

[Event "Sharjah Ramadan op rapid"]
[Site "Sharjah"]
[Date "2019.05.13"]
[Round "1"]
[White "Abdisalimov, Abdimalik"]
[Black "Yahya, Shuaib Al Kaff"]
[Result "1-0"]
[WhiteElo "2409"]
[BlackElo "1136"]
[PlyCount "49"]
[EventDate "2019.05.13"]
[EventType "swiss (rapid)"]
[EventRounds "9"]
[EventCountry "UAE"]
[SourceTitle "CBM 190 Extra"]
[Source "ChessBase"]
[SourceDate "2019.07.15"]
[SourceVersion "1"]
[SourceVersionDate "2019.07.15"]
[SourceQuality "1"]

1. d4 d5 2. c4 c6 3. Nc3 Nf6 4. Bg5 Bf5 5. Bxf6 gxf6 6. Qb3 Qb6 7. cxd5 e6 8. e4 Qxb3 9. axb3 Bg6 10. dxe6 fxe6 11. Bc4 Bf7 12. Nge2 Bb4 13. 0-0 Ke7 14. Nf4 e5 15. Bxf7 Kxf7 16. dxe5 fxe5 17. Nd3 Bd6 18. Rad1 Rd8 19. Nxe5+ Kf6 20. Nc4 Be7 21. e5+ Ke6 22. f4 Bc5+ 23. Kh1 Nd7 24. f5+ Kf7 25. e6+ 1-0